[Event "Muensterland Verbandsklasse-A 0506"]
[Site "Germany"]
[Date "2005.12.10"]
[Round "4.2"]
[White "Welp, Michael"]
[Black "Knispel Roth, Martin"]
[Result "1/2-1/2"]
[WhiteElo "1858"]
[BlackElo "1879"]
[PlyCount "112"]
[EventDate "2005.09.03"]
[EventType "team"]
[EventRounds "9"]
[EventCountry "GER"]
[SourceTitle "EXT 2006"]
[Source "ChessBase"]
[SourceDate "2005.11.24"]
[SourceVersion "1"]
[SourceVersionDate "2005.11.24"]
[SourceQuality "1"]
[WhiteTeam "Ibbenbueren"]
[BlackTeam "Muenster Indische Dame"]
[WhiteTeamCountry "GER"]
[BlackTeamCountry "GER"]

1. e4 e6 2. d4 d5 3. e5 c5 4. Qg4 cxd4 5. Nf3 Nc6 6. Bd3 Qc7 7. Qg3 Nb4 8. 0-0 Bd7 9. Nxd4 Nxd3 10. cxd3 Ne7 11. Nc3 Ng6 12. Re1 a6 13. h4 Bc5 14. Nb3 Rg8 15. Bd2 Bb6 16. Rac1 Qd8 17. Bg5 Ne7 18. Qf3 h6 19. Bd2 Rc8 20. g4 Nc6 21. Qg3 Ne7 22. Kg2 Bc6 23. d4 Qd7 24. Qd3 Ba4 25. Nxa4 Qxa4 26. Qh7 Rxc1 27. Rxc1 Kd7 28. Ba5 Qb5 29. Nc5+ Bxc5 30. Rxc5 Qe2 31. Rc7+ Ke8 32. Rc8+ Kd7 33. Rc7+ Ke8 34. Rxe7+ Kxe7 35. Bb4+ Kd7 36. Qxg8 Qxg4+ 37. Kf1 Qd1+ 38. Be1 Qf3 39. Qxg7 Kc6 40. Qg3 Qh1+ 41. Ke2 Qe4+ 42. Qe3 Qxh4 43. Bd2 Qg4+ 44. Kd3 h5 45. f3 Qf5+ 46. Ke2 Qh3 47. Bb4 Qg2+ 48. Qf2 Qg5 49. Kd1 h4 50. Qc2+ Kd7 51. Qa4+ b5 52. Qxa6 Qg1+ 53. Kc2 Qf2+ 54. Bd2 Qe2 55. Qa7+ Ke8 56. Qa8+ Kd7 1/2-1/2